000 00794nam a2200193Ii 4500
003 JO-AjNU
008 230605s9999||||xx |||||||||||||| ||und||
040 _aJO-AjNU
_bara
_erda
_cJO-AjNU
041 _aara
050 1 4 _aE184.A65.O7412 1989
100 3 _aبقلم أورفلي، غرغرى؛ ترجمة مطر، هنري,
_eauthor
_919568
245 0 0 _aأمام ألسنة اللهب: البحث عن تاريخ العرب الامريكين = Before the flames :Aquedt for theof arab americans
264 3 1 _aعمان: مركز الكتب الاردني، 1989
300 _a493ص
336 _atext
_btxt
_2rdacontent
337 _aunmediated
_bn
_2rdamedia
338 _avolume
_bnc
_2rdacarrier
650 4 _aالعرب-الولايات المتحدة الامريكية-تاريخ
_919569
999 _aA6480
_c10048
_d10048